[Event "EuYCh B12"]
[Site "Halkidiki GRE"]
[Date "2000.10.05"]
[Round "4"]
[White "Romanov,E"]
[Black "Papin,V"]
[Result "1-0"]
[WhiteElo "2137"]
[BlackElo "2079"]

1.e4 c5 2.Nf3 e6 3.d4 cxd4 4.Nxd4 a6 5.Nc3 Qc7 6.Bd3 Nc6 7.Be3 Nf6 8.O-O Be7
9.Kh1 O-O 10.f4 d6 11.Qf3 Bd7 12.Rae1 b5 13.a3 Na5 14.Qg3 Nc4 15.Bc1 Kh8
16.Nd1 Ng8 17.b3 Na5 18.Bb2 Bf6 19.e5 dxe5 20.fxe5 Be7 21.Qh3 h6 22.Bc1 Nc6
23.Nxc6 Bxc6 24.Nf2 g5 25.Ng4 Kg7 26.Rf6 Qb7 27.Re2 Rfd8 28.Rxh6 Be4 29.Rh5 Rac8
30.Bxg5 Bg6 31.Re1 Rc3 32.Rh7+ Kf8 33.Bxg6 fxg6 34.Qxc3 Bxg5 35.Rxb7  1-0

[Event "It"]
[Site "Medellin COL"]
[Date "2000.10.05"]
[Round "10"]
[White "Garcia,Gild"]
[Black "Gamboa,N"]
[Result "1/2-1/2"]
[WhiteElo "2448"]
[BlackElo "2351"]

1.e4 c5 2.Nf3 e6 3.Nc3 a6 4.d4 cxd4 5.Nxd4 b5 6.g3 Bb7 7.Bg2 Nf6 8.Bg5 Be7
9.O-O b4 10.Na4 Qa5 11.Bxf6 Bxf6 12.c3 O-O 13.Rc1 Ra7 14.cxb4 Qxb4 15.Ne2 Bc6
16.Nec3 Rc7 17.a3 Qd4 18.b4 Rfc8 19.Nc5 d6 20.Nb3 Qxd1 21.Rfxd1 Be8 22.Ne2 Ba4
23.Rb1 Rc2 24.Bf1 Rb2 25.Rxb2 Bxb2 26.Rb1 Bxa3 27.Nbd4 Bd7 28.Rb3 Bc1 29.Nxc1 Rxc1
30.b5 e5 31.bxa6 Nxa6 32.Kg2 Rxf1 33.Kxf1 exd4 34.Rb6 Kf8 35.Rxd6 Bb5+ 36.Ke1 Nb4
37.Kd2 Nc6 38.Rd5 Bf1 39.Rc5 Nd8 40.Rd5 Ne6 41.f4 Bg2 42.Re5 h6 43.h4 g6
44.Kd3 Bf1+ 45.Kd2 h5 46.f5 gxf5 47.exf5 Ng7 48.f6 Ne8 49.Rf5 Bc4 50.Rf4 Be6
51.Kd3 Kg8 52.Kxd4 Nd6 53.Rf2 Kh7 54.Ke5 Nc4+ 55.Kd4 Kg6 56.Rf1 Nd6 57.Ke5 Nf5
58.Rf3 Nh6 59.Kd6 Bg4 60.Ra3 Kxf6 61.Kd5 Kf5 62.Ra4 Bf3+ 63.Kd6 Bd1 64.Rf4+ Kg6
65.Rf1 Be2 66.Rc1 Nf5+ 67.Ke5 Bg4 68.Kf4 Ng7 69.Ra1 Kf6 70.Ra6+ Ne6+ 71.Ke3 Ke5
72.Ra5+ Kd6  1/2-1/2

[Event "Abihome Open"]
[Site "Brussels BEL"]
[Date "2000.10.07"]
[Round "3"]
[White "Baklan,V"]
[Black "Hellsten,J"]
[Result "1/2-1/2"]
[WhiteElo "2599"]
[BlackElo "2470"]

1.e4 c5 2.Nf3 e6 3.Nc3 a6 4.d4 cxd4 5.Nxd4 b5 6.Bd3 Bb7 7.Be3 Qc7 8.f4 Nf6
9.Qf3 Nc6 10.a4 Nxd4 11.Bxd4 b4 12.Ne2 h5 13.Ng3 h4 14.Nf1 Bc5 15.Bxc5 Qxc5
16.Nd2 a5 17.Qf2 Qxf2+ 18.Kxf2 d6 19.Rhe1  1/2-1/2

[Event "Tatry Open"]
[Site "Tatranske Zruby SVK"]
[Date "2000.10.07"]
[Round "1"]
[White "Koenigova,P"]
[Black "Langner,L"]
[Result "1/2-1/2"]
[WhiteElo "2065"]
[BlackElo "2375"]

1.e4 c5 2.Nf3 e6 3.d4 cxd4 4.Nxd4 a6 5.Nc3 Qc7 6.Bd3 Bb4 7.Bd2 Nc6 8.Nb3 Nf6
9.O-O Be7 10.f4 d6 11.Kh1 b5 12.Qf3 Bb7 13.Qg3 h5 14.h3 h4 15.Qe1 Nh5 16.Ne2 Bf6
17.c3 e5 18.fxe5 Nxe5 19.Bc2 O-O 20.Nbd4 d5 21.exd5 Bxd5 22.Rf5 g6 23.Rxh5 gxh5
24.Qf2 Qd7 25.Nf4 Bg7 26.Nxd5 Qxd5 27.Qf5 Rfe8 28.Be4  1/2-1/2

[Event "Abihome Open"]
[Site "Brussels BEL"]
[Date "2000.10.08"]
[Round "7"]
[White "Fontaine,R"]
[Black "Hellsten,J"]
[Result "1/2-1/2"]
[WhiteElo "2449"]
[BlackElo "2470"]

1.e4 c5 2.Nf3 e6 3.d4 cxd4 4.Nxd4 a6 5.Nc3 Qc7 6.Be2 b5 7.O-O Bb7 8.Bf3 Nc6
9.Nxc6 dxc6 10.Bg5 h6 11.Bh4 Be7 12.Bg3 e5 13.Bg4 Nf6 14.f4 h5 15.Bh3 h4
16.Bf2 exf4 17.e5 Nh7 18.Ne4 O-O 19.Nd6 c5 20.Nxb7 Qxb7 21.Bg4 Rad8 22.Qe2 Rfe8
23.Rad1 Nf8 24.Rxd8 Bxd8 25.Bxc5 Bb6 26.Qf2 Bxc5 27.Qxc5 Qe4 28.Qf2 Qe3 29.Re1 Qxf2+
30.Kxf2 Re7 31.Kf3 Ng6 32.e6 f6 33.Bf5 Ne5+ 34.Kxf4 g6 35.Bh3 Rc7 36.Rd1 Kf8
37.c3 Ke7 38.g3 Rc4+ 39.Rd4 hxg3 40.hxg3 Rc5 41.Ke3 f5 42.Kf2 Kxe6 43.a4 Nc4
44.axb5 axb5 45.b4 Rc7 46.Bf1 Nd6 47.Rd3 Ne4+ 48.Kg2 Rxc3 49.Rxc3 Nxc3 50.Kf3 g5
51.Ke3 Ke5 52.Bd3 Nd5+ 53.Kf2 Nc7 54.Be2 f4 55.gxf4+ gxf4 56.Kf3 Nd5 57.Bxb5 Nxb4
58.Be2 Nc2 59.Bd1 Nd4+ 60.Kf2 Ke4 61.Bh5  1/2-1/2

[Event "Tatry Open"]
[Site "Tatranske Zruby SVK"]
[Date "2000.10.11"]
[Round "5"]
[White "Gregorova,Z"]
[Black "Langner,L"]
[Result "0-1"]
[WhiteElo "2140"]
[BlackElo "2375"]

1.e4 c5 2.Nf3 e6 3.d4 cxd4 4.Nxd4 a6 5.Nc3 b5 6.g3 b4 7.Nb1 Bb7 8.Bg2 Nf6
9.Nd2 Qb6 10.Ne2 d5 11.exd5 Bxd5 12.O-O Bxg2 13.Kxg2 Bc5 14.Nf4 Nc6 15.Nd3 Rd8
16.Nb3 Be7 17.Be3 Qb5 18.Qf3 O-O 19.Rfd1 Rd5 20.Nf4 Ne5 21.Qe2 Qxe2 22.Nxe2 Nc4
23.Rxd5 Nxd5 24.Bc5 Nxb2 25.Rb1 Na4 26.Bxe7 Nxe7 27.Nbd4 Nd5 28.a3 a5 29.axb4 axb4
30.Nc6 g6 31.Nxb4 Rb8 32.c3 Naxc3 33.Nxc3 Nxc3 34.Rc1 Ne4 35.Rc4 Nd6 36.Rc6 Nf5
37.Nd3 h5 38.h4 Rb3 39.Ne5 Rb2 40.Rc7 Ne3+ 41.Kg1 Rb1+ 42.Kh2 Ng4+ 43.Nxg4 hxg4
44.Rc4 f5 45.Rc7 Rb6 46.Kg2 Kf8 47.Kf1 e5 48.Ra7 Re6 49.Ke2 Re7 50.Ra6 Kf7
51.Ke3 Re6 52.Ra8 Rb6 53.Ra5 Ke6 54.Ra4 Rb3+ 55.Ke2 Rb6 56.Ke3 Rc6 57.Rb4 Kd5
58.Rb5+ Rc5 59.Rb6 Rc3+ 60.Ke2 Rc6 61.Rb4 Rc4 62.Rb6 Ke4 63.Rxg6 Rc2+ 64.Ke1 Kf3
65.Rg5 Re2+ 66.Kd1 Rxf2 67.Rxf5+ Kxg3 68.Rxe5 Kh3 69.h5 g3 70.h6 g2 71.Rh5+ Kg3
72.Rg5+ Kf4  0-1

[Event "ch-ARG"]
[Site "Buenos Aires ARG"]
[Date "2000.10.14"]
[Round "5"]
[White "Felgaer,R"]
[Black "Varela,G"]
[Result "1-0"]
[WhiteElo "2390"]
[BlackElo "2249"]

1.e4 c5 2.Nf3 e6 3.d4 cxd4 4.Nxd4 a6 5.Nc3 Qc7 6.g3 Nc6 7.Bg2 Nf6 8.O-O Be7
9.a4 d6 10.Nb3 b6 11.f4 O-O 12.g4 Re8 13.g5 Nd7 14.Be3 Bb7 15.Qe2 Bf8 16.Rad1 Rac8
17.Qf2 Nb4 18.Rd2 Nc5 19.Rfd1 Qb8 20.Bf3 Nc6 21.Nc1 Nb4 22.N1e2 Bc6 23.Ra1 d5
24.e5 Bd7 25.Bg2 g6 26.Kh1 Qc7 27.h4 b5 28.axb5 axb5 29.Ng3 Ra8 30.Re1 Na4
31.Nd1 Rec8 32.c3 Na6 33.Bd4 N4c5 34.Ne3 Nb3 35.Rdd1 Nxd4 36.cxd4 Nb4 37.h5 Be8
38.Re2 Nc6 39.Ng4 Bg7 40.Nf6+ Bxf6 41.gxf6 Ra4 42.f5 exf5 43.Nxf5  1-0

[Event "chT-SLO"]
[Site "Bled SLO"]
[Date "2000.10.16"]
[Round "3"]
[White "Mazi,L"]
[Black "Pavasovic,D"]
[Result "1/2-1/2"]
[WhiteElo "2383"]
[BlackElo "2523"]

1.e4 c5 2.Nf3 e6 3.d4 cxd4 4.Nxd4 a6 5.Nc3 b5 6.Bd3 Qb6 7.Be3 Bc5 8.Qg4 Bxd4
9.e5 Bxe3 10.Qxg7 Bxf2+ 11.Kf1 Bh4 12.g3 Bb7 13.Qxh8 Bxh1 14.Qxg8+ Ke7 15.gxh4 Qe3
16.Re1 Qf4+ 17.Kg1 Bf3 18.Re4 Bxe4 19.Bxe4 b4 20.Bxa8 bxc3 21.Qxb8 Qd4+ 22.Kg2 Qd2+
23.Kh3 Qe3+ 24.Kg2 Qe2+ 25.Kg3 Qe1+ 26.Kg2 Qe2+ 27.Kg3  1/2-1/2

[Event "It"]
[Site "Alushta UKR"]
[Date "2000.10.17"]
[Round "3"]
[White "Kovchan,A"]
[Black "Alexandrova,O"]
[Result "0-1"]
[WhiteElo "2420"]
[BlackElo "2421"]

1.e4 c5 2.Nf3 e6 3.d4 cxd4 4.Nxd4 a6 5.Nc3 Qc7 6.Bd3 Nc6 7.Nxc6 bxc6 8.O-O Nf6
9.Qe2 d6 10.f4 Be7 11.Kh1 e5 12.fxe5 dxe5 13.Nd1 Bg4 14.Qe1 Bxd1 15.Qxd1 O-O
16.Qe1 Nd7 17.Qg3 Kh8 18.Rf5 Qd6 19.Be3 Qg6 20.Qf3 f6 21.Bc4 Rfd8 22.Rf1 Bc5
23.Bc1 Nb6 24.Bb3 Be7 25.Rh5 Nc8 26.Be6 Nd6 27.Rh4 Bf8 28.Qh3 h6 29.Rg4 Qh7
30.Be3 Nxe4 31.Bf5 Nf2+ 32.Bxf2 Qxf5 33.Kg1 Qxc2 34.Be3 Rd1 35.Rxd1 Qxd1+
36.Kf2 Qc2+ 37.Kg3 Qd3 38.Kf2 Qc2+ 39.Kg3 Qd3 40.Kf2 Qc2+  0-1

[Event "Essent Open"]
[Site "Hoogeveen NED"]
[Date "2000.10.21"]
[Round "9"]
[White "Tiviakov,S"]
[Black "Epishin,V"]
[Result "1/2-1/2"]
[WhiteElo "2608"]
[BlackElo "2567"]

1.e4 c5 2.Nc3 e6 3.Nf3 a6 4.d4 cxd4 5.Nxd4 b5 6.Bd3 Qb6 7.Nb3 Qc7 8.Qe2 d6
9.Bg5 b4 10.Nb1 Nc6 11.a3 Be7 12.Bd2 bxa3 13.Nxa3 Nf6 14.O-O O-O 15.Nc4 Bd7
16.Nba5 Rfb8 17.Nxc6 Bxc6 18.b3 Bb5 19.Ba5 Qc5 20.Rfe1  1/2-1/2

[Event "Tch-AUT 2000-01"]
[Site "Maierhofen/Zillertal AUT"]
[Date "2000.10.21"]
[Round "1"]
[White "Borriss,M"]
[Black "David,Alb"]
[Result "1/2-1/2"]
[WhiteElo "2439"]
[BlackElo "2521"]

1.e4 c5 2.Nf3 e6 3.d4 cxd4 4.Nxd4 a6 5.Nc3 Qc7 6.Be2 Nf6 7.O-O Nc6 8.Be3 Be7
9.f4 d6 10.a4 O-O 11.Kh1 Re8 12.Bf3 Bf8 13.Nb3 b6 14.a5 Nd7 15.axb6 Nxb6
16.Nb5 axb5 17.Bxb6 Qb8 18.Rxa8 Qxa8 19.Qe2 b4  1/2-1/2

[Event "Tch-AUT 2000-01"]
[Site "Maierhofen/Zillertal AUT"]
[Date "2000.10.22"]
[Round "2"]
[White "Watzka,H"]
[Black "Wiedner,R"]
[Result "1/2-1/2"]
[WhiteElo "2367"]
[BlackElo "2235"]

1.e4 c5 2.Nf3 e6 3.d4 cxd4 4.Nxd4 a6 5.Nc3 b5 6.Bd3 Bb7 7.O-O Nc6 8.Be3 Rc8
9.a4 b4 10.Nxc6 Rxc6 11.Ne2 Nf6 12.c4 e5 13.a5 h5 14.h3 h4 15.Qb3 Rh5 16.c5 Bxc5
17.Bxc5 Rxc5 18.Qxb4 Rc7 19.Rac1 Bc6 20.Nc3 Rb7 21.Qc5 Qe7 22.Qc4 Qb4 23.Qxa6 Rg5
24.Rfe1 Kf8 25.Bc4 Qxb2 26.Nd5 Bxd5 27.Bxd5 Nxd5 28.Qd6+ Kg8 29.Qxd5 d6 30.Qxd6 Kh7
31.Qd8 f6 32.a6 Ra7 33.Qd3 Qb6 34.Ra1 Rg3 35.Qe2 Kh6 36.Reb1 Qc5 37.Rc1 Qb6
38.Rcb1 Qc5 39.Qd2+ g5 40.Qd8 Kg6 41.Rb6 Rf7 42.Rb7 Ra3 43.Rf1 Qf8 44.Qb6 Qa8
45.Rxf7 Kxf7 46.Rb1 Rxa6 47.Qc7+ Kg6 48.Rb8 Ra7  1/2-1/2

[Event "22nd Open"]
[Site "Arco ITA"]
[Date "2000.10.26"]
[Round "6"]
[White "Sturma,M"]
[Black "Di Lazzaro,G"]
[Result "1/2-1/2"]
[WhiteElo "2104"]
[BlackElo "2015"]

1.e4 c5 2.Nf3 a6 3.Nc3 e6 4.d4 cxd4 5.Nxd4 Bb4 6.Bd3 Nf6 7.O-O d6 8.Bd2 e5
9.Nb3 Nbd7 10.a3 Bc5 11.Nxc5 Nxc5 12.Bg5 h6 13.Bxf6 Qxf6 14.Nd5 Qd8 15.b4 Ne6
16.Qd2 O-O 17.Bc4 b5 18.Ba2 Bb7 19.Rad1 Rc8 20.Ne3 Nd4 21.f3 Qb6 22.Kh1 Qc7
23.Bd5 Rfd8 24.c3 Ne6 25.g3 Kh8  1/2-1/2

[Event "34th Olympiad"]
[Site "Istanbul TUR"]
[Date "2000.10.29"]
[Round "2"]
[White "Bauer,Ch"]
[Black "Ghaem Maghami,E"]
[Result "1/2-1/2"]
[WhiteElo "2562"]
[BlackElo "2488"]

1.e4 c5 2.Nc3 e6 3.Nf3 a6 4.d4 cxd4 5.Nxd4 b5 6.Bd3 Bb7 7.O-O Qc7 8.Re1 Nf6
9.e5 Nd5 10.Nxd5 Bxd5 11.a4 b4 12.Qg4 Nc6 13.Nf3 h6 14.Bd2 g6 15.Be4 Bxe4
16.Qxe4 Rd8 17.Qc4 Qb7 18.Be3 Rc8 19.Qd3 Ne7 20.Nd2 Nd5 21.Ne4 Be7 22.Bd4 Qc6
23.c3 bxc3 24.bxc3 O-O 25.Qh3 h5 26.Qf3 Rfd8 27.h3 d6 28.exd6 Bxd6 29.Rac1 Bb8
30.Nf6+ Nxf6 31.Qxf6 e5 32.Qxc6 Rxc6 33.Bxe5 Bxe5 34.Rxe5 Rd3 35.c4 Rd4 36.Ra5 Kf8
37.g3 Rd2 38.Re5 Ra2 39.a5 Rf6 40.Rf1 Rc6  1/2-1/2

[Event "34th Olympiad"]
[Site "Istanbul TUR"]
[Date "2000.10.30"]
[Round "3"]
[White "Elliott,W"]
[Black "Trygstad,K"]
[Result "0-1"]
[WhiteElo "2196"]
[BlackElo "2248"]

1.e4 c5 2.Nf3 e6 3.d4 cxd4 4.Nxd4 a6 5.Nc3 Qc7 6.Bd3 Nf6 7.O-O Nc6 8.Be3 Ne5
9.h3 Bc5 10.Kh1 d6 11.f4 Ng6 12.Qf3 O-O 13.Nb3 Bxe3 14.Qxe3 b5 15.a3 Bb7
16.Nd4 Qc5 17.Rae1 e5 18.fxe5 dxe5 19.Nf5 Qxe3 20.Rxe3 Nf4 21.Kh2 Rad8 22.g3 Nxd3
23.cxd3 g6 24.Nh4 Nh5 25.Nf3 f6 26.Rd1 Rd7 27.Re2 Re8 28.g4 Nf4 29.Red2 Ne6
30.d4 exd4 31.Nxd4 Ng5 32.Kg3 Nxe4+ 33.Nxe4 Rxe4 34.Nf3 Rxd2 35.Rxd2 Re3
36.Rd8+ Kf7 37.Rd7+ Re7 38.Rd3 Rc7 39.b3 Ke6 40.Kf4 Bd5 41.Nd4+ Kd6 42.Ne2 Kc6
43.Rc3+ Kd6 44.Rxc7 Kxc7 45.b4 Kd6 46.h4 Bc4 47.Nc3 Bd3 48.Ke3 Bc2 49.Kd4 g5
50.hxg5 fxg5 51.Nd5 Bd1 52.Nf6 h6 53.Ng8 Bxg4 54.Nxh6 Be6 55.Ke4 g4 56.a4 g3
57.Kd4 Bc8  0-1

[Event "34th Olympiad"]
[Site "Istanbul TUR"]
[Date "2000.10.31"]
[Round "4"]
[White "Doghri,N"]
[Black "Galego,L"]
[Result "0-1"]
[WhiteElo "2342"]
[BlackElo "2419"]

1.e4 c5 2.Nf3 e6 3.d4 cxd4 4.Nxd4 a6 5.Nc3 Qc7 6.Be2 Nf6 7.O-O Bc5 8.Nb3 Ba7
9.g3 Nc6 10.Bf4 Ne5 11.Qd2 h6 12.h4 g5 13.hxg5 hxg5 14.Be3 Bxe3 15.Qxe3 Rg8
16.a4 d6 17.Rfd1 Bd7 18.Qd4 Ke7 19.Rd2 Rg7 20.Rad1 Rh8 21.Kg2 Rgh7 22.Rg1 Rh2+
23.Kf1 g4 24.Qb4 R8h5 25.Nd4 Nc6 26.Nxc6+ Qxc6 27.Qd4 Qc5 28.Rg2 Rxg2 29.Kxg2 Bc6
30.Kf1 Rh1+ 31.Kg2 Qxd4 32.Rxd4 Rc1 33.Bd3 Nd7 34.Ne2 Ra1 35.b3 Ne5  0-1

[Event "34th Olympiad"]
[Site "Istanbul TUR"]
[Date "2000.11.01"]
[Round "5"]
[White "Berlinsky,V"]
[Black "Johansen,D"]
[Result "1/2-1/2"]
[WhiteElo "2352"]
[BlackElo "2505"]

1.e4 c5 2.Nf3 e6 3.d4 cxd4 4.Nxd4 a6 5.Nc3 b5 6.Bd3 Ne7 7.O-O Nbc6 8.Be3 Nxd4
9.Bxd4 Nc6 10.Be3 Be7 11.Qg4 O-O 12.f4 Nb4 13.Rad1 f6 14.Rf3 Qc7 15.f5 Nxd3
16.cxd3 b4 17.Na4 exf5 18.exf5 Bb7 19.Rg3 Rf7 20.Rc1 Qa5 21.Nb6 Rd8 22.Nc4 Qd5
23.Bh6 Bf8 24.h4 Re8 25.Kh2 a5 26.h5 Ba6 27.Bf4 Qd4 28.b3 Bxc4 29.Rxc4 Qa1
30.Re4 Rxe4 31.dxe4 Bc5 32.Qe2 Qg1+ 33.Kh3 Bf2 34.Rg4 Qh1+ 35.Bh2 Bg1 36.g3 h6
37.Qg2 Qxh2+ 38.Qxh2 Bxh2 39.Kxh2 d6 40.Rf4 Rc7 41.Rf2 Kf7 42.Kg2 Rc3 43.Re2 Ke7
44.Kf2 Kd7 45.Re3 Rc2+ 46.Re2 Rc3 47.Re3 Rc1 48.Re1 Rc5  1/2-1/2

[Event "Chigorin Mem"]
[Site "St Petersburg RUS"]
[Date "2000.11.01"]
[Round "2"]
[White "Yagupov,I"]
[Black "Ovod,E"]
[Result "0-1"]
[WhiteElo "2460"]
[BlackElo "2263"]

1.e4 c5 2.Nf3 e6 3.d4 cxd4 4.Nxd4 a6 5.Nc3 Qc7 6.Be2 Nf6 7.O-O Be7 8.f4 d6
9.g4 Nc6 10.Nb3 b5 11.g5 Nd7 12.Bf3 Bb7 13.Bg2 O-O 14.Qg4 Rfe8 15.Be3 Bf8
16.Rae1 Nb6 17.f5 Ne5 18.Qg3 Nbc4 19.Bc1 Rad8 20.Ne2 exf5 21.exf5 Bxg2 22.Qxg2 d5
23.f6 g6 24.Kh1 Qc8 25.Nf4 d4 26.Re4 Ng4 27.Nd5 Rxe4 28.Qxe4 Rxd5 29.Qxd5 Nce3
30.Bxe3 Nxe3 31.Qf3 Nxf1 32.Qxf1 Qxc2 33.Nxd4 Qxb2 34.Nc6 Qc2 35.Qf3 Qb1+
36.Kg2 Qxa2+ 37.Kh1 Qb1+ 38.Kg2 Qc2+ 39.Kf1 Qc1+ 40.Kg2 Qxg5+ 41.Kh3 h5 42.Ne7+ Bxe7
43.Qa8+ Kh7  0-1

[Event "34th Olympiad"]
[Site "Istanbul TUR"]
[Date "2000.11.02"]
[Round "6"]
[White "Nedev,T"]
[Black "Spraggett,K"]
[Result "1/2-1/2"]
[WhiteElo "2487"]
[BlackElo "2501"]

1.e4 c5 2.Nf3 e6 3.d4 cxd4 4.Nxd4 a6 5.Nc3 Qc7 6.Bd3 Nc6 7.Be3 b5 8.O-O Bb7
9.Nxc6 Qxc6 10.Re1 Nf6 11.a3 Be7 12.Bd4 O-O 13.Qf3 Qc7 14.Qh3 e5 15.Be3 d6
16.Bg5 Ne8 17.Bxe7 Qxe7 18.Qe3 Nf6 19.Rad1 Rac8 20.Rd2 Rc5 21.Red1 Rfc8 22.f3 g6
23.a4 d5 24.exd5 Nxd5 25.Nxd5 Rxd5 26.axb5 axb5 27.Be2 Rxd2 28.Rxd2 b4 29.b3 Ra8
30.Rd1 Ra2 31.Bd3 Ba6 32.Be4 Kg7 33.h3 h5 34.Qb6 Bc8 35.Qb8 Qc5+ 36.Kh2 Be6
37.Qe8 h4 38.Rd8 Kh6 39.Qh8+ Kg5 40.Rd1 f5 41.Qd8+ Kh5 42.f4 exf4 43.Bf3+ Kh6
44.Qh8+ Kg5 45.Qd8+ Kh6 46.Qxh4+ Kg7 47.Rd8 Bg8 48.Rd7+ Bf7 49.Rd8 Bg8 50.Rd7+ Bf7
51.Qxf4 Ra1 52.Qd4+ Qxd4 53.Rxd4 Rc1 54.Rxb4 Rxc2 55.Rb7 Kf6 56.b4 g5 57.Rb8 Be6
58.b5 g4 59.hxg4 fxg4 60.Ba8 Rc3 61.g3 Rb3 62.b6 Ke7 63.Be4 Kd6 64.Rd8+ Ke7
65.Rb8 Kd6 66.b7 Kc7 67.Rf8 Bd7 68.Kg2 Rb2+ 69.Kf1 Be6 70.Ke1 Bd7 71.Kd1 Be6
72.Kc1 Rb4 73.Kc2 Rc4+ 74.Kd3 Rb4 75.Rh8 Bd7 76.Kc3 Rb5 77.Kd4 Rb4+ 78.Ke5 Rb5+
79.Bd5 Rb2 80.Be4 Rb5+ 81.Kf6 Rb6+ 82.Ke7 Re6+ 83.Kf7 Rb6 84.Bd5 Rb2 85.Kf6 Rf2+
86.Ke5 Re2+ 87.Be4 Rb2 88.Rh7 Rb5+ 89.Bd5 Kd8 90.Rh2 Kc7 91.Rc2+ Kd8 92.Rc3 Rb6
93.Rc5 Rb2 94.Be4 Rb6 95.Bf5 Rxb7 96.Kf4 Rb4+ 97.Kg5 Bxf5  1/2-1/2

[Event "34th Olympiad"]
[Site "Istanbul TUR"]
[Date "2000.11.02"]
[Round "6"]
[White "Van der Nat,N"]
[Black "Gallego,R"]
[Result "1/2-1/2"]
[WhiteElo "2160"]
[BlackElo "2313"]

1.e4 c5 2.Nf3 e6 3.d4 cxd4 4.Nxd4 a6 5.Nc3 Qc7 6.Bd3 Nc6 7.Be3 Nf6 8.O-O Be7
9.f4 d6 10.Qf3 O-O 11.Qg3 Re8 12.Nf3 e5 13.f5 Nb8 14.Qh3 b5 15.g4 b4 16.Na4 Bb7
17.Nb6 Nxe4 18.Nxa8 Bxa8 19.g5 g6 20.fxg6 hxg6 21.Nd2 Nxd2 22.Bxg6 fxg6 23.Qe6+ Kh8
24.Qxg6 Qc6 25.Qh6+ Kg8 26.Qe6+ Kh8 27.Qh3+ Kg8 28.Qe6+ Kh8 29.Qh6+  1/2-1/2

[Event "34th Olympiad"]
[Site "Istanbul TUR"]
[Date "2000.11.02"]
[Round "6"]
[White "Byambaa,Z"]
[Black "Cruz,F"]
[Result "1-0"]
[WhiteElo "2273"]
[BlackElo "2360"]

1.e4 c5 2.Nf3 e6 3.d4 cxd4 4.Nxd4 a6 5.Nc3 Qc7 6.Bd3 Nf6 7.O-O Be7 8.Kh1 O-O
9.Bg5 d6 10.f4 Nbd7 11.Qf3 Re8 12.Rae1 h6 13.Bh4 b5 14.e5 Bb7 15.Qe2 dxe5
16.fxe5 Nd5 17.Qh5 Nxe5 18.Nxd5 Bxd5 19.Rxe5 Bxh4 20.Rxd5 exd5 21.Qxh4 Qe5
22.b3 Rac8 23.Nf3 Qb2 24.a4 Re3 25.axb5 axb5 26.Nd4 Rce8 27.Qf2 f6 28.Bg6 R8e5
29.Nf5  1-0

[Event "34th Olympiad Women"]
[Site "Istanbul TUR"]
[Date "2000.11.02"]
[Round "6"]
[White "Sergeeva,M"]
[Black "Susterman,A"]
[Result "0-1"]
[WhiteElo "2277"]
[BlackElo "2223"]

1.e4 c5 2.Nf3 e6 3.d4 cxd4 4.Nxd4 a6 5.Nc3 Qc7 6.Be3 Nf6 7.Bd3 b5 8.a3 Bb7
9.f4 b4 10.axb4 Bxb4 11.O-O Bxc3 12.bxc3 Nxe4 13.Qg4 Nf6 14.Qg5 d6 15.Rae1 Nbd7
16.Nf5 O-O-O 17.Ne7+ Kb8 18.Rb1 Ka8 19.Rxb7 Qxb7 20.Qa5 Nb8 21.Ra1 Rd7 22.Bxa6 Qxa6
23.Qxa6+ Nxa6 24.Rxa6+ Kb8 25.Nc6+ Kc7 26.c4 Rc8 27.Kf1 Ne4 28.Ke2 f6 29.Nd4 Kb7
30.Ra3 Nc5 31.Nb5 Ra8 32.Rc3 Ne4 33.Rb3 Kc8 34.Kf3 f5 35.Nd4 Nc5 36.Rb4 g6
37.Nb5 Ne4 38.Nd4 Re7 39.Nc6 Rc7 40.Nd4 Kd7 41.Rb6 Ke7 42.Nb5 Rd7 43.Rc6 Ra2
44.Rc8 Rxc2 45.Rh8 Kf6 46.Rf8+ Kg7 47.Rc8 Nd2+ 48.Bxd2 Rxd2 49.Rc6 e5 50.Nc7 Kf7
51.Nd5 Ra7  0-1

[Event "Chigorin Mem"]
[Site "St Petersburg RUS"]
[Date "2000.11.02"]
[Round "3"]
[White "Onoprienko,V"]
[Black "Shaposhnikov,E"]
[Result "0-1"]
[WhiteElo "2330"]
[BlackElo "2544"]

1.e4 c5 2.Nf3 e6 3.Nc3 a6 4.d4 cxd4 5.Nxd4 b5 6.g3 Bb7 7.Bg2 Nf6 8.O-O b4
9.Nce2 Bxe4 10.Bxe4 Nxe4 11.Nf4 Bc5 12.Re1 d5 13.Rxe4 dxe4 14.Nfxe6 fxe6
15.Qh5+ g6 16.Qxc5 Nd7 17.Qc6 O-O 18.Be3 Qe7 19.Qxe4 Nc5 20.Qe5 Rac8 21.a3 a5
22.axb4 axb4 23.Ra5 Rfd8 24.h4 Rd5 25.Bg5 Qd7  0-1

[Event "Corsica Masters"]
[Site "Bastia FRA"]
[Date "2000.11.05"]
[Round "1.1"]
[White "Nisipeanu,LD"]
[Black "Djuric,S"]
[Result "1/2-1/2"]
[WhiteElo "2592"]
[BlackElo "2472"]

1.e4 c5 2.Nf3 e6 3.Nc3 a6 4.d4 cxd4 5.Nxd4 Qc7 6.Be2 Bb4 7.O-O Nf6 8.Qd3 Nc6
9.a3 Bxc3 10.bxc3 Ne7 11.c4 e5 12.Nb3 b6 13.Rd1 a5 14.Be3 Ba6 15.Rab1 d5
16.Nd2 d4 17.Bg5 Nd7 18.Bxe7 Kxe7 19.c3 Nc5 20.Qg3 dxc3 21.Qxc3 Rhd8 22.Qh3 Ne6
23.Bg4 Ng5 24.Qe3 f6 25.h4 Nf7 26.Rxb6 Rd4 27.Rdb1 Nd6 28.Bf5 h6 29.Qc3 Nxf5
30.exf5 Bc8 31.Nf3 Rxc4 32.Qe3 Kf8 33.Nd2 Bxf5 34.Nxc4 Bxb1 35.Nxe5 Bh7 36.Ng4 Re8
37.Re6 Rxe6 38.Qxe6 Qc1+ 39.Kh2 Qf4+ 40.g3 Bf5 41.gxf4 Bxe6 42.Ne3 f5  1/2-1/2

[Event "34th Olympiad Women"]
[Site "Istanbul TUR"]
[Date "2000.11.05"]
[Round "8"]
[White "Fakhiridou,E"]
[Black "Stepovaia Dianchenko,T"]
[Result "0-1"]
[WhiteElo "2277"]
[BlackElo "2414"]

1.e4 c5 2.Nf3 e6 3.d4 cxd4 4.Nxd4 a6 5.Nc3 b5 6.a3 Bb7 7.Bd3 Qb6 8.Nb3 Qc7
9.O-O Nf6 10.Qe2 d6 11.Kh1 Be7 12.f4 Nbd7 13.Bd2 O-O 14.a4 b4 15.Nd1 d5 16.exd5 Nxd5
17.Ne3 Nxe3 18.Qxe3 Nf6 19.c4 Rad8 20.Be2 Ne4 21.Be1 Rd7 22.a5 Rfd8 23.Qb6 Qc6
24.Qxc6 Bxc6 25.Bf3 Rc8 26.Rc1 Rd3 27.Na1 Bc5 28.Nc2 Rb3 29.Rb1 h6 30.Nxb4 Bxb4
31.Bd1 Bxe1 32.Bxb3 Bb4 33.Rbd1 Nd2 34.Rf2 Nxb3 35.f5 e5 36.f6 g6  0-1

[Event "34th Olympiad"]
[Site "Istanbul TUR"]
[Date "2000.11.05"]
[Round "8"]
[White "Fedorov,Alex"]
[Black "Miezis,N"]
[Result "0-1"]
[WhiteElo "2646"]
[BlackElo "2518"]

1.e4 c5 2.Nf3 e6 3.Nc3 a6 4.d4 cxd4 5.Nxd4 Qc7 6.Bd3 Nc6 7.Be3 Nf6 8.O-O Nxd4
9.Bxd4 Bc5 10.Bxf6 gxf6 11.Qg4 Kf8 12.Kh1 h5 13.Qh4 Be7 14.f4 b5 15.f5 Qe5
16.Rae1 Bb7 17.Nd1 Kg7 18.Rf3 Rag8 19.c3 Kf8 20.Ne3 Rg5 21.Re2 Rhg8 22.Bc2 Bc5
23.Nf1 d5 24.Ng3 Rg4 25.Qxh5 dxe4 26.Rf1 e3 27.Qh6+ Ke7 28.Rfe1 Rxg3 29.hxg3 Qxg3
30.Qh2 Rh8 31.Qxh8 Bxg2+ 32.Kg1 Bd5+ 33.Kf1 Bc4  0-1

[Event "ch-POL Semi-Finals Women"]
[Site "Polanczyk POL"]
[Date "2000.11.07"]
[Round "4"]
[White "Kadziolka,B"]
[Black "Guzkowska,M"]
[Result "1/2-1/2"]
[WhiteElo "2074"]
[BlackElo "2195"]

1.e4 c5 2.Nf3 e6 3.d4 cxd4 4.Nxd4 a6 5.Nc3 Qc7 6.Bd3 Nc6 7.Nxc6 dxc6 8.O-O e5
9.Kh1 Nf6 10.f4 Bd6 11.f5 b5 12.a4 b4 13.Nb1 Bb7 14.Qe2 O-O 15.Bg5 Be7 16.Nd2 a5
17.Rae1 Ne8 18.Qg4 Bxg5 19.Qxg5 f6 20.Bc4+ Kh8 21.Qg4 Ba6 22.Bxa6 Rxa6 23.Nc4 c5
24.Rd1 Nd6 25.Nxd6  1/2-1/2

[Event "34th Olympiad Women"]
[Site "Istanbul TUR"]
[Date "2000.11.08"]
[Round "11"]
[White "Grosar,K"]
[Black "Uskova,F"]
[Result "1/2-1/2"]
[WhiteElo "2223"]
[BlackElo "2285"]

1.e4 c5 2.Nf3 e6 3.d4 cxd4 4.Nxd4 a6 5.Nc3 Qc7 6.Be2 b5 7.O-O Bb7 8.a3 Nf6
9.Qd3 d6 10.f4 Nbd7 11.Bf3 Rd8 12.Kh1 Be7 13.Qe2 Nb6 14.e5 dxe5 15.fxe5 Rxd4
16.exf6 Bxf6 17.Nxb5 axb5 18.Qxb5+ Rd7 19.Bf4 e5 20.Bxb7 Qxb7 21.Bxe5 Nd5
22.Qxb7 Rxb7 23.Bxf6 Nxf6 24.b4 Kd7 25.c4 Kc6 26.Rf5 Ne4 27.Re5 Nc3 28.h3 Ra8
29.Re3 Na4 30.Rf1 Rd8 31.Rg3 f6 32.Rf5 Rd4 33.Ra5 Nb6 34.c5 Nc4 35.Ra6+ Kb5
36.Ra8 Ne5 37.Ra5+ Kc6 38.Ra6+ Kd5 39.Rc3 Nc6 40.Rb3 Kc4 41.Rb1  1/2-1/2

[Event "Chigorin Mem"]
[Site "St Petersburg RUS"]
[Date "2000.11.08"]
[Round "7"]
[White "Guseinov,K"]
[Black "Balashov,Y"]
[Result "1/2-1/2"]
[WhiteElo "2421"]
[BlackElo "2575"]

1.e4 e6 2.Nf3 c5 3.d4 cxd4 4.Nxd4 a6 5.Nc3 Qc7 6.g3 Bb4 7.Ne2 Nf6 8.Bg2 Nc6
9.O-O Be7 10.Nd4 O-O 11.Be3 d6 12.Nxc6 bxc6 13.Na4 Rb8 14.c4 e5 15.Rc1 Rd8
16.h3 Nd7 17.Qc2 Nf8 18.Rfd1 c5 19.Nc3  1/2-1/2

[Event "34th Olympiad"]
[Site "Istanbul TUR"]
[Date "2000.11.09"]
[Round "12"]
[White "Estrada Nieto,J"]
[Black "Sommerbauer,N"]
[Result "1/2-1/2"]
[WhiteElo "2397"]
[BlackElo "2391"]

1.e4 c5 2.Nf3 e6 3.d4 cxd4 4.Nxd4 a6 5.Nc3 Nc6 6.g3 Nxd4 7.Qxd4 Ne7 8.Bg2 Nc6
9.Qd1 Bc5 10.O-O h5 11.Bf4 e5 12.Be3 Bxe3 13.fxe3 d6 14.Qf3 Be6 15.Bh3 Qe7
16.Nd5 Bxd5 17.exd5 e4 18.Qf5 g6 19.Qf6 Qxf6 20.Rxf6 Ke7 21.Rf4 Ne5 22.Rxe4 a5
23.a4 b6  1/2-1/2

[Event "34th Olympiad"]
[Site "Istanbul TUR"]
[Date "2000.11.10"]
[Round "13"]
[White "Guller,A"]
[Black "Kakooza,K"]
[Result "1/2-1/2"]
[WhiteElo "2141"]
[BlackElo "2200"]

1.e4 c5 2.Nf3 e6 3.Nc3 a6 4.d4 cxd4 5.Nxd4 b5 6.Bd3 Bb7 7.O-O g6 8.Be3 Bg7
9.f4 Nc6 10.Nxc6 Bxc6 11.f5 b4 12.Ne2 Nf6 13.Bd4 d6 14.fxe6 fxe6 15.Nf4 Bd7
16.e5 dxe5 17.Bxe5 O-O 18.Qe2 Qe7 19.Kh1 a5 20.Rad1 Ne8 21.Bxg7 Nxg7 22.Nd5 Qg5
23.Nb6 Rad8 24.Rxf8+ Kxf8 25.Bxg6 hxg6 26.Nxd7+ Ke7 27.Nb6 Nf5 28.Rxd8 Kxd8
29.Qd1+ Ke8 30.Na4  1/2-1/2

[Event "34th Olympiad"]
[Site "Istanbul TUR"]
[Date "2000.11.10"]
[Round "13"]
[White "Egger,J"]
[Black "Kveinys,A"]
[Result "1/2-1/2"]
[WhiteElo "2433"]
[BlackElo "2522"]

1.e4 c5 2.Nf3 e6 3.d4 cxd4 4.Nxd4 a6 5.Nc3 b5 6.Bd3 Qb6 7.Be3 Bc5 8.Be2 Nc6
9.Nxc6 Bxe3 10.fxe3 dxc6 11.Qd4 Qxd4 12.exd4 e5 13.dxe5 Ne7 14.a4 Rb8 15.axb5 axb5
16.Bh5 Ng6 17.Bxg6 hxg6 18.Ra7  1/2-1/2